Best seller /

Guardado en:
Autor Principal: Fontanarrosa, Roberto
Formato: Libro
Publicado: Buenos Aires : Ediciones de la Flor, 1997
Materias:
Etiquetas: Agregar Etiqueta
Sin Etiquetas, Sea el primero en etiquetar este registro!
LEADER 00710nam a22002415a 4500
001 CEM.cems012559
005 20101125112924.0
008 130507s1997##################000#0#####d
003 CEMS
020 |a 9505151659 
082 0 4 |a A863.4 
100 1 |a Fontanarrosa, Roberto 
245 1 0 |a Best seller /  |c Roberto Fontanarrosa. 
260 |a Buenos Aires :  |b  Ediciones de la Flor,  |c 1997 
300 |a 224 p. 
653 |a Literatura 
653 |a Literatura argentina 
653 |a Literatura-siglo xx 
653 |a Novelas 
653 |a Novelas argentinas 
653 |a Humor 
859 |a CEMS  |b BIB. CEMS - 11 de abril  |h A863.4  |i F734  |p 23908.07  |t Ej.1 
859 |a CEMS  |b BIB. CEMS - 11 de abril  |h A863.4  |i F734  |p 26724.13  |t Ej.2